Portuguese voyages / (Record no. 13246)

MARC details
000 -LEADER
fixed length control field 00577cam a22001932 4500
001 - CONTROL NUMBER
control field 0000009718
005 - DATE AND TIME OF LATEST TRANSACTION
control field 20151217155842.0
008 - FIXED-LENGTH DATA ELEMENTS--GENERAL INFORMATION
fixed length control field 081119s xx 000 0 eng d
040 ## - CATALOGING SOURCE
Original cataloging agency KABU
Transcribing agency KABU
245 10 - TITLE STATEMENT
Title Portuguese voyages /
Statement of responsibility, etc. edited by Charles David Ley.
250 ## - EDITION STATEMENT
Edition statement 1st ed.
260 ## - PUBLICATION, DISTRIBUTION, ETC. (IMPRINT)
Place of publication, distribution, etc. London :
Name of publisher, distributor, etc. J. M. Dent,
Date of publication, distribution, etc. 1947.
300 ## - PHYSICAL DESCRIPTION
Extent xxii, 360 p.
650 #0 - SUBJECT ADDED ENTRY--TOPICAL TERM
Topical term or geographic name as entry element Discoveries in geography
General subdivision Portuguese.
-- 0000161471
700 1# - ADDED ENTRY--PERSONAL NAME
Personal name Ley, Charles David.
-- 0000161472
852 1# - LOCATION
-- p100 KES
908 ## - PUT COMMAND PARAMETER (RLIN)
Put command parameter 081119
950 ## - LOCAL HOLDINGS (RLIN)
-- 1
Holdings
Withdrawn status Lost status Source of classification or shelving scheme Not for loan Home library Current library Date acquired Total Checkouts Full call number Barcode Date last seen Price effective from Koha item type
    Library of Congress Classification   Kabarak, Main Campus Kabarak, Main Campus 17/12/2015   G280 .P67 c. 1 15574 17/12/2015 17/12/2015 Africana Collection
Designed with assistance from East African Informatics Ltd